| 000 | 00494cam a22001457a 4500 | ||
|---|---|---|---|
| 008 | 180718b1998 xxu||||| |||| 00| 0 eng d | ||
| 020 | _a8173912653 | ||
| 082 | _aQ100x54 D535 | ||
| 100 | _aDharmarajan, Shivani | ||
| 245 |
_aNGO development initiative and public policy _cby Shivani Dharmarajan |
||
| 260 |
_aNew Delhi _bKanishka _c1998 |
||
| 300 | _a240p. | ||
| 650 | _aRural development --India --Delhi --Case studies | ||
| 650 | _aNon-governmental organizations --India --Delhi --Case studies | ||
| 999 |
_c388073 _d388073 |
||